Normal view
MARC view
Entry Topical Term
001 - CONTROL NUMBER
- control field: 19827
003 - CONTROL NUMBER IDENTIFIER
- control field: OSt
005 - DATE AND TIME OF LATEST TRANSACTION
- control field: 20201225112122.0
008 - FIXED-LENGTH DATA ELEMENTS
- fixed length control field: 201225|| aca||aabn | a|a d
040 ## - CATALOGING SOURCE
- Original cataloging agency: OSt
- Transcribing agency: OSt
150 ## - HEADING--TOPICAL TERM
- Topical term or geographic name entry element: Asset ownership, Rural women, Agricultural land, Rural housing.
670 ## - SOURCE DATA FOUND
- Source citation: Work cat.: (OSt): Rizvi, H.S. Khan, S. and Vinaik. M. 19826, Gender and asset ownership in India: Case of agriculture and housing
